[Event "ROM-ch U12"]
[Site "Calimanesti Caciulata"]
[Date "2019.04.18"]
[Round "5"]
[White "Gafar, Timur Ioan"]
[Black "Alexandrou, Andreas Stefan"]
[Result "0-1"]
[WhiteElo "1057"]
[BlackElo "1317"]
[PlyCount "84"]
[EventDate "2019.04.15"]
[EventType "swiss"]
[EventRounds "9"]
[EventCountry "ROU"]
[SourceTitle "CBM 190 Extra"]
[Source "ChessBase"]
[SourceDate "2019.07.15"]
[SourceVersion "1"]
[SourceVersionDate "2019.07.15"]
[SourceQuality "1"]

1. d4 d5 2. Bf4 e6 3. Nf3 Nf6 4. e3 Nbd7 5. c4 a6 6. Nc3 dxc4 7. Bxc4 b5 8. Bb3 Bb7 9. Rc1 Rc8 10. 0-0 Be7 11. Ne2 0-0 12. Ng3 c5 13. a3 Qb6 14. Qd2 h6 15. Ne2 Ne4 16. Qd1 Ndf6 17. Nc3 Rfd8 18. Nxe4 Nxe4 19. Nd2 Nxd2 20. Qxd2 cxd4 21. Qe2 Bf6 22. Rfd1 Rxc1 23. Rxc1 e5 24. Bg3 d3 25. Qd2 g6 26. h3 Qd6 27. Rc3 b4 28. axb4 Qxb4 29. Bc4 e4 30. Bc7 Bxc3 31. bxc3 Qb1+ 32. Kh2 Qc2 33. Qe1 d2 34. Qe2 d1Q 35. Qxd1 Qxd1 36. Bxd8 Qxd8 37. Kg3 Qg5+ 38. Kh2 Qc5 39. Be2 Qxc3 40. Bg4 f5 41. Bd1 a5 42. Ba4 Bc6 0-1